00893nam a2200229 i 450000100060000000300090000600500170001500700030003200800410003510000260007624501280010226000790023030000220030949000280033150000120035950400200037165000640039183000360045585200330049199900170052495201220054134777ES-MaACL20230906155009.0t|030211s1985 fr ||||1| fre d1 aBonn, Charles.93021313aLe roman algérien de langue fraçaise b: vers un espace de communication littéraire décolonisé? / cCharles Bonn. aMontréal ; aParis : bPresses de l'Université : bL'Harmattan,c1985. a359 p. ; c21 cm.1 aCollection littéraire aIndice. aBibliografía. 4aNovela argelina (Francés)-xHistoria y crítica.91482380 aCollection littéraire9229514 aES-MaACLjL-12865 bR.115677 c34777d34777 00104070aATENEOMbATENEOMcDEPO2d2008-01-17eSCl0oL-12865p1036297r2023-02-23 00:00:00w2023-02-23yMONOGRAFIA